Armas Diversas - Statistics

Estatísticas Gerais
  • Esse quiz foi jogado 193 vezes
    171 desde o último reset
  • A pontuação média é 20 de 28
Estatísticas das Respostas
Imagem Resposta % Correto
Espada
100%
Arco e Flecha
99%
Canhão
98%
Machado
97%
Lança
94%
Katana
93%
Dardo
92%
Foice
92%
Martelo
92%
Chicote
91%
Soco Inglês
91%
Catapulta
86%
Adaga
84%
Besta
84%
Cajado
81%
Estilingue
77%
Canivete
75%
Bumerangue
73%
Shuriken
66%
Zarabatana
65%
Pistola
64%
Maça
53%
Machado Tomahawk
50%
Nunchaku
35%
Rapieira
33%
Sai
31%
Chakram
8%
Katar
5%
Nenhum quiz correspondente encontrado
Distribuição das Pontuações
Porcentagem de Pessoas com Cada Pontuação
Percentil de Números Respondidos
Sua Pontuação Histórica
Você não jogou esse quiz desde o último reset